| 000 | 00000nam##2200000za#4500 |
| 001 | 9.573995 |
| 003 | CaOODSP |
| 005 | 20210624183952 |
| 007 | cr ||||||||||| |
| 008 | 150406|1998||||xxc|||||o f|0| 0 eng|d |
| 022 | |a1488-5379 |
| 040 | |aCaOODSP|beng |
| 043 | |an-cn--- |
| 086 | 1 |aFs97-6/2219E-PDF |
| 110 | 1 |aCanada. |bDepartment of Fisheries and Oceans. |
| 245 | 10|aAge 0+ fish occurrence in modified habitat in south-western Ontario / |h[electronic resource]|cby J.K. Leslie and C.A. Timmins. |
| 260 | |aBurlington - Ontario : |bFisheries and Oceans Canada |cc1998. |
| 300 | |a26p.|bgraphs, map, references, tables |
| 490 | 1 |aCanadian technical report of fisheries and aquatic sciences|x1488-5379|vNo. 2219 |
| 500 | |aThe catalogue number (Fs97-6/2219E) and ISSN (0706-6457) for the print edition have been incorrectly copied in this electronic publication. |
| 546 | |a(Résumé en français) |
| 590 | |a12-22-Supp|b2012-05-24 |
| 720 | 1 |aTimmins, C. A. |
| 720 | 1 |aLeslie, J. K. |
| 776 | 0#|tAge 0+ fish occurrence in modified habitat in south-western Ontario / |w(CaOODSP)9.614563 |
| 830 | #0|aCanadian technical report of fisheries and aquatic sciences,|x1488-5379|vNo. 2219|w(CaOODSP)9.504449 |
| 856 | 40|ahttp://publications.gc.ca|qPDF|s1.29 MB|uhttps://publications.gc.ca/collections/collection_2012/mpo-dfo/Fs97-6-2219-eng.pdf|yNo. 2219 |